000 00453nam a22001577a 4500
999 _c12580
_d12580
008 210208b ||||| |||| 00| 0 eng d
082 0 0 _a623.852
_bK891
100 _91274
_aKraal, Edmund G. R.
245 1 0 _aReed's Basic electrotechnology for marine engineers.
_cby Edmund G. R. Kraal
250 _a1st ed.
260 _aLondon
_bThomas reed publication
_c1969
300 _a566p.
365 _d70.00
650 0 _aElectrical Engineering
942 _cBK